000 00568nam a22002297a 4500
003 UA-OsUOA
001 36784
007 ta
008 20060215b un ||||| |||| 00| 0 ukr d
100 _aГорішняк В.
700 _aКузнєцов Ю.
090 _a32
_bГ11
942 _cSA
040 _aUA-OsUOA
_bukr
_cUA-OsUOA
_dUA-OsUOA
245 _aСловаччина підтримає вступ України в НАТО
300 _aС,7 с.
955 _a0
041 _aukr
080 _a32
773 0 _w36782
650 7 _a32 Політика
_2UDC
999 _c323026
_d323026